Basic algebraic geometry

Gorde:
Xehetasun bibliografikoak
Egile nagusia: Shafarevich, I. R (Egilea)
Formatua: Liburua
Hizkuntza:ingelesa
Argitaratua: Berlín Springer-Verlag 1977
Gaiak:
Etiketak: Etiketa erantsi
Etiketarik gabe, Izan zaitez lehena erregistro honi etiketa jartzen!

MARC

LEADER 00000nam a2200000 a 4500
001 UCQ9429
003 CL-VaPUC
008 990112e19770000GW |||||||||||||||||eng|d
082 0 4 |a 516.35  |b SHA  |2 21 
100 0 |a Shafarevich, I. R  |e author  |9 423969 
245 1 0 |a Basic algebraic geometry 
300 |a 439 p 
942 |c BK 
945 |d 19990112 00:00:00  |a crobeson 
260 |a Berlín  |b Springer-Verlag  |c 1977 
650 0 |a Geometría algebraica  |9 270327 
650 0 |a Variedades algebraicas  |9 270770 
583 |a last modification  |c 19990112 00:00:00  |k Rodrigo Vera 
999 |c 278439  |d 278437 
952 |0 0  |1 0  |4 0  |6 516_350000000000000_SHA_1977  |7 0  |8 A  |9 316974  |a BIBMAT  |b BIBMAT  |d 2019-11-20  |i 1314297  |l 1  |m 1  |o 516.35 SHA 1977  |p 1314297  |r 2025-01-07  |s 2024-04-19  |w 2019-11-20  |y BK  |k MAT 
952 |0 0  |1 0  |4 0  |6 516_350000000000000_SHA_1977  |7 0  |8 A  |9 316975  |a BIBMAT  |b BIBMAT  |d 2019-11-20  |i 1314300  |o 516.35 SHA 1977  |p 1314300  |r 2025-01-07  |w 2019-11-20  |y BK  |k MAT